<The> Impact of Australian Consumer Price Index on the Exchange Rate of Australian Dollar - Chinese Renminbi

Ako dve hlavné ekonomiky v ázijskom pacifiku, Austrália a Čína uskutočňujú stále sa zvyšujúci objem ekonomických transakcií. Masívne čínske investície, najmä do nehnuteľností, spôsobili stabilne stúpajúci austrálsky spotrebiteľský cenový index a výmenný kurz austrálskeho dolára k čínskemu renminbi....

ver descrição completa

Na minha lista:
Detalhes bibliográficos
Autor principal: Wu, Maoguo
Formato: Capítulo de Livro
Idioma:inglês
Assuntos:
Tags: Adicionar Tag
Sem tags, seja o primeiro a adicionar uma tag!

MARC

LEADER 00000nla a2200000 4500
001 0242163
005 20240416112645.2
041 0 |a eng 
044 |a PT 
245 1 0 |a <The> Impact of Australian Consumer Price Index on the Exchange Rate of Australian Dollar - Chinese Renminbi  |c Maoguo Wu 
520 |a Ako dve hlavné ekonomiky v ázijskom pacifiku, Austrália a Čína uskutočňujú stále sa zvyšujúci objem ekonomických transakcií. Masívne čínske investície, najmä do nehnuteľností, spôsobili stabilne stúpajúci austrálsky spotrebiteľský cenový index a výmenný kurz austrálskeho dolára k čínskemu renminbi. Avšak nedávne spomalenie čínskej ekonomiky spôsobilo klesajúcu tendenciu v daných ukazovateľoch. 
610 2 0 |a kurz výmenný 
610 2 0 |a index cien spotrebiteľských 
610 2 0 |a dolár 
610 2 0 |a mena 
610 2 0 |a obchod medzinárodný 
610 2 0 |a investície 
610 2 0 |a analýza ekonometrická 
610 2 0 |a Austrália 
610 2 0 |a Čína 
100 1 |a Wu, Maoguo